HOW TO BEST USE BOGER AND BOENNIGHAUSEN- REPERTORY (Record no. 20409)

MARC details
000 -LEADER
fixed length control field 00310nam a22001337a 4500
003 - CONTROL NUMBER IDENTIFIER
control field SGT
082 ## - DEWEY DECIMAL CLASSIFICATION NUMBER
Classification number 616.024
Item number H13M
100 ## - MAIN ENTRY--PERSONAL NAME
Personal name MASTER, FAROKH.J.
245 ## - TITLE STATEMENT
Title HOW TO BEST USE BOGER AND BOENNIGHAUSEN- REPERTORY
260 ## - PUBLICATION, DISTRIBUTION, ETC. (IMPRINT)
Place of publication, distribution, etc INDIA
Name of publisher, distributor, etc B.JAIN
Year of Publication 2013
300 ## - PAGE DESCRIPTION
No. of Pages 108
650 ## - SUBJECT ADDED ENTRY--TOPICAL TERM
Topical term or geographic name as entry element HOMEOPATHIC
942 ## - ADDED ENTRY ELEMENTS (KOHA)
Source of classification or shelving scheme Dewey Decimal Classification
Koha item type Books
Holdings
Withdrawn status Lost status Source of classification or shelving scheme Damaged status Not for loan Home library Current library Shelving location Date acquired Vendor Name Cost, normal purchase price SGTU Bill Number Total Checkouts Full call number Accession No. (Barcode) Date last seen Bill Date Koha item type
    Dewey Decimal Classification     Homeopathy Library Homeopathy Library Text Book 30/07/2020 AHUJA PUB 99.00 SGTU 7135   616.024 H13M FH1668 30/07/2020 09/08/2016 Books
    Dewey Decimal Classification     Homeopathy Library Homeopathy Library Text Book 30/07/2020 AHUJA PUB 99.00 SGTU 7135   616.024 H13M FH1669 30/07/2020 09/08/2016 Books
    Dewey Decimal Classification     Homeopathy Library Homeopathy Library Text Book 30/07/2020 AHUJA PUB 99.00 SGTU 7135   616.024 H13M FH1670 30/07/2020 09/08/2016 Books
    Dewey Decimal Classification     Homeopathy Library Homeopathy Library Text Book 30/07/2020 AHUJA PUB 99.00 SGTU 7135   616.024 H13M FH1671 30/07/2020 09/08/2016 Books
    Dewey Decimal Classification     Homeopathy Library Homeopathy Library Text Book 30/07/2020 AHUJA PUB 99.00 SGTU 7135   616.024 H13M FH1672 30/07/2020 09/08/2016 Books
    Dewey Decimal Classification     Homeopathy Library Homeopathy Library Text Book 30/07/2020 AHUJA PUB 99.00 SGTU 7135   616.024 H13M FH1673 30/07/2020 09/08/2016 Books
    Dewey Decimal Classification     Homeopathy Library Homeopathy Library Text Book 30/07/2020 AHUJA PUB 99.00 SGTU 7135   616.024 H13M FH1674 30/07/2020 09/08/2016 Books
    Dewey Decimal Classification     Homeopathy Library Homeopathy Library Text Book 30/07/2020 AHUJA PUB 99.00 SGTU 7135   616.024 H13M FH1675 30/07/2020 09/08/2016 Books